Pharaoh to Dynasty Click Quiz - Statistics

General Stats
  • This quiz has been taken 45 times
  • The average score is 7 of 20
Answer Stats
Hint Answer % Correct
Hatshepsut Eighteenth
78%
Narmer First
72%
Cleopatra VII Ptolemaic
67%
Khufu Fourth
50%
Ramesses the Great Nineteenth
50%
Djoser Third
50%
Pepi II Neferkare Sixth
39%
Kamose Seventeenth
33%
Ramesses VI Twentieth
33%
Darius the Great Twenty-seventh
33%
Senusret I Twelfth
28%
Taharqa Twenty-fifth
28%
Shoshenq I Twenty-second
28%
Psamtik I Twenty-sixth
28%
Intef the Elder Eleventh
22%
Nectanebo I Thirtieth
22%
Salitis Fifteenth
17%
Smendes Twenty-first
17%
Hakor Twenty-ninth
17%
Artaxerxes III Thirty-first
11%
No matching quizzes found
Score Distribution
Percent of People with Each Score
Percentile by Number Answered
Your Score History
You have not taken this quiz